[Event "Druzynowe Mistrzostwa Polski Juniorow 2018 - II Liga"]
[Site "Szczyrk"]
[Date "1899-12-30"]
[Round "8.73"]
[White "Kokoszczynski, Jan"]
[Black "Grochol, Kamil"]
[Result "1-0"]
[WhiteTitle "k"]
[BlackTitle "I"]
[WhiteElo "2111"]
[BlackElo "1726"]

1. e4 g6 2. d4 Bg7 3. Nc3 c6 4. h3 d5 5. Nf3 dxe4 6. Nxe4 Nd7 7. Bd3 Ngf6 8. O-O
O-O 9. c4 b6 10. b3 Bb7 11. Nxf6+ Bxf6 12. Be4 Qc7 13. Bb2 c5 14. Bxb7 Qxb7 15.
Qe2 cxd4 16. Bxd4 Rfe8 17. Bxf6 Nxf6 18. Rfe1 Rad8 19. Rac1 Nd7 20. Rcd1 e6 21.
b4 Rc8 22. Rd6 Qc7 23. Red1 Nb8 24. Ne5 f6 25. Ng4 Kf7 26. Qf3 f5 27. Ne5+ Ke7
28. Qf4 Kf8 29. Rd7 Nxd7 30. Rxd7 Qxd7 31. Nxd7+ Ke7 32. Ne5 Kf6 33. Ng4+ Kf7
34. Ne5+ Kf6 35. Qd4 Red8 36. Ng4+ 1-0

[Event "Druzynowe Mistrzostwa Polski Juniorow 2018 - II Liga"]
[Site "Szczyrk"]
[Date "1899-12-30"]
[Round "8.74"]
[White "Oles, Martin"]
[Black "Golecki, Jan"]
[Result "0-1"]
[WhiteTitle "II+"]
[BlackTitle "I++"]
[WhiteElo "1488"]
[BlackElo "2001"]

1. e4 c5 2. Nc3 e6 3. g3 g6 4. Bg2 Bg7 5. Nge2 Ne7 6. O-O Nbc6 7. f4 d5 8. d3 O-O
9. Qe1 a6 10. g4 Nb4 11. Qd2 dxe4 12. Nxe4 Qc7 13. a3 Nbd5 14. Kh1 b5 15. N2c3
Bb7 16. Nxd5 Nxd5 17. f5 exf5 18. gxf5 Nf6 19. Qf2 Nxe4 20. dxe4 Qe5 21. f6 Bh8
22. Qh4 Rfe8 23. Be3 Re6 24. Bg5 Bxe4 25. Rae1 Bxg2+ 26. Kxg2 Qd5+ 27. Kg1 Rae8
28. Rd1 Qc6 29. Rd3 Re2 30. Qg3 c4 31. Rd6 Qc5+ 32. Kh1 R2e5 0-1

[Event "Druzynowe Mistrzostwa Polski Juniorow 2018 - II Liga"]
[Site "Szczyrk"]
[Date "1899-12-30"]
[Round "8.75"]
[White "Szemplinski, Jerzy"]
[Black "Jendrowiak, Maciej"]
[Result "1-0"]
[WhiteTitle "II"]
[BlackTitle "II"]
[WhiteElo "1411"]
[BlackElo "1252"]

1. e4 c6 2. d4 d5 3. Nd2 a6 4. Ngf3 Bg4 5. c3 Nd7 6. h3 Bh5 7. Bd3 dxe4 8. Nxe4
Ngf6 9. Ng3 Bxf3 10. Qxf3 e6 11. O-O Bd6 12. Re1 Qc7 13. Nf5 O-O-O 14. Nxd6+ Qxd6
15. b4 c5 16. bxc5 Nxc5 17. Ba3 Nxd3 18. Bxd6 Nxe1 19. Rxe1 Rxd6 20. Rb1 Rc6 21.
g4 Rf8 22. c4 Ne8 23. c5 Nc7 24. Qb3 b5 25. cxb6 Nb5 26. d5 Rc3 27. Qb4 Rd8 28.
a4 Rxd5 29. axb5 Rcc5 30. bxa6 Rc6 31. b7+ Kb8 32. Qf8+ 1-0

[Event "Druzynowe Mistrzostwa Polski Juniorow 2018 - II Liga"]
[Site "Szczyrk"]
[Date "1899-12-30"]
[Round "8.76"]
[White "Rzepka, Marcin"]
[Black "Kazmierowski, Tymon"]
[Result "1-0"]
[WhiteTitle "III"]
[BlackTitle "II"]
[WhiteElo "1193"]
[BlackElo "1452"]

1. c4 e5 2. Nc3 f5 3. e3 g6 4. Nge2 Bg7 5. g3 Nf6 6. Bg2 O-O 7. O-O Nc6 8. a3 d6
9. b4 e4 10. c5 Ne5 11. Nf4 g5 12. Qb3+ Kh8 13. Ne6 Bxe6 14. Qxe6 Nh5 15. Qd5
b6 16. cxd6 cxd6 17. Rb1 g4 18. Nb5 Rf6 19. Bb2 Rh6 20. Qb7 a6 21. Nd4 Nd3 22.
Nxf5 Rg6 23. Nxg7 Nxb2 24. Bxe4 Rxg7 25. Qxa8 Qxa8 26. Bxa8 Nc4 27. Rfc1 Nxd2
28. Rc8+ Rg8 29. Rxg8+ Kxg8 30. Rd1 Nf3+ 31. Bxf3 gxf3 32. Rxd6 a5 33. Rxb6 axb4
34. Rxb4 Nf6 35. a4 Nd5 36. Rb3 Kf8 37. a5 Nc7 38. Rb6 Ke8 39. a6 Kd7 40. a7 Na8
41. Rb8 Kc7 42. Rxa8 Kb7 43. Rd8 Kxa7 44. e4 Kb7 45. e5 Kc7 46. Rd3 h5 47. e6
h4 48. gxh4 Kc6 49. e7 1-0

[Event "Druzynowe Mistrzostwa Polski Juniorow 2018 - II Liga"]
[Site "Szczyrk"]
[Date "1899-12-30"]
[Round "8.77"]
[White "Krzysztynska, Anna"]
[Black "Kucharska, Helena"]
[Result "1-0"]
[WhiteTitle "I+"]
[BlackTitle "I"]
[WhiteElo "1758"]
[BlackElo "1322"]

1. e4 e6 2. d4 d5 3. e5 c5 4. c3 Nc6 5. Nf3 Nge7 6. a3 Nf5 7. Be3 Qb6 8. b4 cxd4
9. cxd4 Bd7 10. Bd3 a5 11. b5 Na7 12. Nc3 Rc8 13. Qd2 Be7 14. O-O O-O 15. Bxf5
exf5 16. Nxd5 Qd8 17. a4 b6 18. Nxe7+ Qxe7 19. d5 Rb8 20. Bg5 Qe8 21. Rfe1 Nc8
22. e6 fxe6 23. dxe6 Bxe6 24. Nd4 h6 25. Bf4 Rb7 26. Nxe6 Rff7 27. Nd8 Qf8 28.
Nxb7 Rxb7 29. Qd5+ Rf7 30. Rad1 Kh7 31. Qd8 Qb4 32. Bd2 Qc5 33. Rc1 Rf8 34. Qd7
Qa3 35. Rxc8 Rxc8 36. Qxc8 Qb2 37. Qxf5+ Kh8 38. Re8# 1-0

[Event "Druzynowe Mistrzostwa Polski Juniorow 2018 - II Liga"]
[Site "Szczyrk"]
[Date "1899-12-30"]
[Round "8.78"]
[White "Cieslak, Jessica"]
[Black "Moscicka, Alicja"]
[Result "1-0"]
[WhiteTitle "I"]
[BlackTitle "II"]
[WhiteElo "1247"]
[BlackElo "1000"]

1. d4 Nf6 2. c4 e6 3. Nf3 Bb4+ 4. Nbd2 O-O 5. e3 d5 6. a3 Bxd2+ 7. Qxd2 Nbd7 8.
b4 dxc4 9. Bxc4 Nb6 10. Bd3 Bd7 11. O-O Re8 12. Ne5 Rc8 13. Qe2 a6 14. Bd2 Qe7
15. Rfc1 Qd6 16. Qf3 Qd5 17. Qf4 Bc6 18. Nxc6 bxc6 19. Bxa6 Rb8 20. Qxc7 Ne4 21.
Be1 Qd6 22. Qxc6 Qxc6 23. Rxc6 Red8 24. f3 Nf6 25. Bg3 Nbd7 26. Bxb8 Rxb8 27.
Rc8+ Rxc8 28. Bxc8 Nb6 29. Ba6 Kf8 30. a4 Ke7 31. a5 Na8 32. b5 Nd7 33. b6 Ndxb6
34. axb6 Nxb6 35. e4 f5 36. exf5 exf5 37. Rb1 Nd7 38. Rb7 g5 39. Bb5 Kd6 40. Rxd7+
Ke6 41. d5+ Ke5 42. d6 Ke6 43. Rd8 h5 44. d7 Kd6 45. Re8 1-0

[Event "Druzynowe Mistrzostwa Polski Juniorow 2018 - II Liga"]
[Site "Szczyrk"]
[Date "1899-12-30"]
[Round "8.79"]
[White "Majek, Kacper"]
[Black "Dzwierzynski, Bartosz"]
[Result "0-1"]
[WhiteTitle "I++"]
[BlackTitle "I"]
[WhiteElo "2088"]
[BlackElo "1815"]

1. Nf3 c5 2. e4 d6 3. g3 Nc6 4. Bg2 g6 5. O-O Bg7 6. c3 e5 7. d3 Nge7 8. Be3 O-O
9. Qd2 Bg4 10. Na3 Qd7 11. Ng5 h6 12. f3 hxg5 13. fxg4 f6 14. Bf3 Rab8 15. h4
gxh4 16. gxh4 f5 17. gxf5 gxf5 18. Qg2 f4 19. Bg4 Qe8 20. h5 fxe3 21. h6 Qg6 22.
Be6+ Kh8 23. hxg7+ Kxg7 24. Rae1 Qxg2+ 25. Kxg2 Ng6 26. Bf5 Nf4+ 27. Kf3 e2 28.
Rg1+ Kf6 29. Nc4 b5 30. Ne3 Ne7 31. Rh1 Rh8 32. Ng4+ Kg5 33. Bd7 Neg6 34. Ne3
Nh4+ 35. Kg3 Nhg6 36. Rhg1 Rbg8 37. Bxb5 Rb8 38. a4 Kf6 39. Rh1 Rxh1 40. Rxh1
a6 41. Bxa6 Rxb2 42. Kf3 Nh4+ 43. Kf2 Nhg2 44. Nxg2 Nxg2 45. Re1 Nxe1 46. Kxe1
Ra2 47. Bc4 Rxa4 48. Kxe2 Rxc4 49. dxc4 Kg5 50. Kf3 Kh4 51. Ke2 Kg4 52. Ke3 Kg3
53. Ke2 Kf4 54. Kd3 Kf3 0-1

[Event "Druzynowe Mistrzostwa Polski Juniorow 2018 - II Liga"]
[Site "Szczyrk"]
[Date "1899-12-30"]
[Round "8.80"]
[White "Kiszka, Arkadiusz"]
[Black "Derylo, Kamil"]
[Result "0-1"]
[WhiteTitle "II"]
[BlackTitle "I"]
[WhiteElo "1592"]
[BlackElo "1755"]

1. c4 e6 2. d4 d5 3. Nc3 Nf6 4. cxd5 exd5 5. Bg5 Nbd7 6. Qc2 Be7 7. e3 c6 8. Bd3
O-O 9. Nge2 Re8 10. O-O Nf8 11. Rab1 Nh5 12. Bxe7 Qxe7 13. Ng3 Nxg3 14. hxg3 Be6
15. Bf5 Bxf5 16. Qxf5 Nd7 17. Ne2 Nf6 18. g4 Qe4 19. Qxe4 Nxe4 20. Rfd1 Nf6 21.
b4 a6 22. a4 Nxg4 23. b5 axb5 24. axb5 Ra2 25. Re1 Rc8 26. bxc6 bxc6 27. Rbc1
Kf8 28. g3 Ke8 29. Kg2 Kd7 30. Kf3 h5 31. Kf4 Nxf2 32. Rc3 Ne4 33. Rb3 g5+ 34.
Kf5 Rxe2 35. Rxe2 Nxg3+ 36. Kxg5 Nxe2 37. Kxh5 Ng3+ 38. Kg5 Ke6 39. Rb1 Ne4+ 40.
Kf4 Rh8 41. Rb6 Rh4+ 42. Kf3 Kd6 43. Rb8 Nd2+ 44. Kg3 Re4 45. Kf2 Nc4 46. Rf8
Ke7 47. Rc8 Rxe3 48. Rxc6 Rd3 0-1

[Event "Druzynowe Mistrzostwa Polski Juniorow 2018 - II Liga"]
[Site "Szczyrk"]
[Date "1899-12-30"]
[Round "8.81"]
[White "Zhydachevskyy, Yulian"]
[Black "Tokarz, Izabela"]
[Result "0-1"]
[WhiteTitle "II"]
[BlackTitle "I"]
[WhiteElo "1376"]
[BlackElo "1411"]

1. e4 c5 2. Nc3 d6 3. Nf3 Nf6 4. Bc4 g6 5. d3 Bg7 6. O-O O-O 7. Be3 Nfd7 8. Qd2
Nc6 9. Rab1 Nde5 10. Nxe5 Nxe5 11. Bb3 Rb8 12. f4 Ng4 13. h3 Nxe3 14. Qxe3 Bd4
0-1

[Event "Druzynowe Mistrzostwa Polski Juniorow 2018 - II Liga"]
[Site "Szczyrk"]
[Date "1899-12-30"]
[Round "8.82"]
[White "Gaj, Magdalena"]
[Black "Derylo, Maksymilian"]
[Result "1/2-1/2"]
[WhiteTitle "I"]
[BlackTitle "II"]
[WhiteElo "1531"]
[BlackElo "1199"]

1. e4 c5 2. c4 d6 3. Nf3 e5 4. Nc3 Nf6 5. d3 Nc6 6. Be3 Bg4 7. Be2 g6 8. Qd2 Bg7
9. Nd5 Bxf3 10. Bxf3 Nxd5 11. cxd5 Nd4 12. Bd1 O-O 13. Bh6 b5 14. h4 a5 15. h5
Bxh6 16. Qxh6 Qf6 17. hxg6 Qg7 18. gxh7+ Kh8 19. Qxg7+ Kxg7 20. Kd2 Rh8 21. Bg4
Rxh7 22. Rxh7+ Kxh7 23. g3 Rh8 24. Rh1+ Kg7 25. Rxh8 Kxh8 26. f4 f6 27. Bd7 Kg7
28. Ke3 Kh6 29. g4 b4 30. Be8 Nc2+ 31. Kd2 Nd4 32. Ke3 Nc2+ 33. Kd2 Nd4 1/2-1/2

[Event "Druzynowe Mistrzostwa Polski Juniorow 2018 - II Liga"]
[Site "Szczyrk"]
[Date "1899-12-30"]
[Round "8.83"]
[White "Laszczuk, Zuzanna"]
[Black "Trybowska, Barbara"]
[Result "0-1"]
[WhiteTitle "I"]
[BlackTitle "I++"]
[WhiteElo "1355"]
[BlackElo "1755"]

1. c4 c5 2. Nc3 Nc6 3. e3 e5 4. Nge2 d6 5. b3 Bf5 6. e4 Bg6 7. Bb2 Nge7 8. g3 Nd4
9. Bg2 Bh5 10. O-O Nec6 11. d3 Be7 12. f3 Qd7 13. Nxd4 Nxd4 14. Ne2 g5 15. Nxd4
cxd4 16. g4 Bg6 17. Rc1 h5 18. h3 f6 19. Rc2 Bf7 20. Ba3 b6 21. Qe1 Be6 22. Qg3
Kf7 23. Rfc1 a5 24. Kf1 Rac8 25. Ke2 Rc7 26. Rh1 h4 27. Qe1 d5 28. Bxe7 Qxe7 29.
exd5 Bxd5 30. Qd2 Bb7 31. Rb1 Rhc8 32. b4 b5 33. a3 bxc4 34. dxc4 Rxc4 35. Rxc4
Rxc4 36. Qa2 Qe6 37. bxa5 Ba6 38. Kf2 d3 39. Qa1 Rc2+ 40. Kg1 Qc4 41. Rb6 Rc1+
0-1

[Event "Druzynowe Mistrzostwa Polski Juniorow 2018 - II Liga"]
[Site "Szczyrk"]
[Date "1899-12-30"]
[Round "8.84"]
[White "Wojtowicz, Gabriela"]
[Black "Salamon, Julia"]
[Result "1-0"]
[WhiteTitle "II"]
[BlackTitle "I"]
[WhiteElo "1000"]
[BlackElo "1098"]

1. d4 d5 2. e3 Nf6 3. f4 e6 4. c3 c5 5. Bd3 Nc6 6. Nf3 Be7 7. O-O O-O 8. Ne5 a6
9. Nd2 Qc7 10. Ndf3 h6 11. Bd2 Bd7 12. Kh1 Kh8 13. Be1 Qc8 14. Bb1 Be8 15. Bh4
Rg8 16. Qc2 g6 17. g4 Ne4 18. Bxe7 Nxe7 19. Nd2 f5 20. Nxe4 dxe4 21. h4 Rg7 22.
a3 Rh7 23. Ba2 fxg4 24. Nxg4 Nf5 25. Rg1 Qc6 26. Ne5 Qc7 27. Nxg6+ Bxg6 28. Rxg6
cxd4 29. Qxe4 Qc6 30. Qxc6 bxc6 31. exd4 Nxh4 32. Rg4 Nf5 33. Bxe6 Ng7 34. Bf7
h5 35. Rg5 Rf8 36. Bg6 Rh6 37. f5 Rf6 38. Re1 Kg8 39. Reg1 Kf8 40. b4 Ke7 41.
Re1+ Kd6 42. c4 Rh8 43. Kg2 Rhf8 44. Re5 Kd7 45. c5 Kc7 46. Re7+ Kb8 47. Rxg7
Rd8 48. Bh7 Rxd4 49. Rg8+ Kc7 50. R5g7+ Rd7 51. Rxd7+ Kxd7 52. Rg7+ Kc8 53. Rg6
Rf7 54. Rxc6+ Kb7 55. Rb6+ Ka7 56. Bg6 Rf8 57. Kh3 Rc8 58. f6 Rf8 59. f7 Ka8 60.
Re6 Kb7 61. Re8 Rxf7 62. Bxf7 Kc6 63. a4 a5 64. bxa5 Kxc5 65. Re5+ Kc6 66. Rxh5
Kb7 67. Rh6 Ka7 68. Ba2 Kb7 69. a6+ Ka7 70. Kg4 1-0

[Event "Druzynowe Mistrzostwa Polski Juniorow 2018 - II Liga"]
[Site "Szczyrk"]
[Date "1899-12-30"]
[Round "8.85"]
[White "Krzywnicka, Maria"]
[Black "Slomczewski, Michal"]
[Result "0-1"]
[WhiteTitle "I++"]
[BlackTitle "I+"]
[WhiteElo "1845"]
[BlackElo "2068"]

1. e4 c6 2. d4 d5 3. exd5 cxd5 4. Bd3 Nc6 5. c3 Nf6 6. h3 e6 7. Bf4 Bd6 8. Bxd6
Qxd6 9. Nf3 O-O 10. O-O Rb8 11. a4 Ne4 12. Re1 f5 13. Na3 a6 14. Nc2 Bd7 15. Qe2
Kh8 16. Ne5 Nxe5 17. dxe5 Qxe5 18. f3 Qf4 19. fxe4 fxe4 20. Bxe4 dxe4 21. Nd4
e5 22. Nc2 Qg3 23. Nb4 Bxh3 24. Rf1 Bf5 25. Rae1 Rbd8 26. Rd1 Rxd1 27. Rxd1 Bg4
28. Rf1 Rxf1+ 29. Qxf1 Qe3+ 30. Kh1 Qf4 31. Qe1 e3 32. Nd3 Qe4 33. Qf1 h6 0-1

[Event "Druzynowe Mistrzostwa Polski Juniorow 2018 - II Liga"]
[Site "Szczyrk"]
[Date "1899-12-30"]
[Round "8.86"]
[White "Guzik, Natalia"]
[Black "Gozdzicki, Maciej"]
[Result "1/2-1/2"]
[WhiteTitle "I++"]
[BlackTitle "II+"]
[WhiteElo "1668"]
[BlackElo "1699"]

1. e4 c5 2. Nf3 e6 3. d4 cxd4 4. Nxd4 a6 5. c4 Nf6 6. Nc3 Bb4 7. Bd3 d6 8. O-O
Bxc3 9. bxc3 O-O 10. Bg5 e5 11. Nf5 Bxf5 12. exf5 Nbd7 13. Bh4 Qc7 14. Qe2 Rae8
15. g4 h6 16. Bg3 e4 17. Bc2 Ne5 18. Bxe5 Rxe5 19. h4 Qa5 20. g5 hxg5 21. hxg5
Nh7 22. Qe3 Rxf5 23. f4 exf3 24. Bxf5 Qxf5 25. Rxf3 Qxg5+ 26. Qxg5 Nxg5 27. Rd3
Rc8 28. Rxd6 Rxc4 29. Rc1 Ne4 30. Rd8+ Kh7 31. Rd4 Rxc3 32. Rxc3 Nxc3 33. Rd7
f5 34. a3 b6 35. Kf2 Nb5 36. Rb7 Nxa3 37. Rxb6 Nc4 38. Rxa6 g5 39. Rf6 f4 40.
Rxf4 gxf4 41. Kf3 Kg6 42. Kxf4 1/2-1/2

[Event "Druzynowe Mistrzostwa Polski Juniorow 2018 - II Liga"]
[Site "Szczyrk"]
[Date "1899-12-30"]
[Round "8.87"]
[White "Majdanski, Maksymilian"]
[Black "Wojtasik, Szymon"]
[Result "1-0"]
[WhiteTitle "I"]
[BlackTitle "II"]
[WhiteElo "1751"]
[BlackElo "1343"]

1. d4 d5 2. Nf3 Nf6 3. e3 e6 4. Bd3 Bd6 5. b3 c6 6. Bb2 O-O 7. Nbd2 Nbd7 8. Ne5
Qc7 9. f4 b6 10. O-O Bb7 11. Rf3 c5 12. Rh3 Ne4 13. Nxd7 Qxd7 14. Bxe4 dxe4 15.
Qh5 h6 16. Rg3 Kh7 17. dxc5 g6 18. cxd6 f6 19. Qxg6+ Kh8 20. Qxh6+ Qh7 21. Bxf6+
Rxf6 22. Qxf6+ Qg7 23. Qxg7# 1-0

[Event "Druzynowe Mistrzostwa Polski Juniorow 2018 - II Liga"]
[Site "Szczyrk"]
[Date "1899-12-30"]
[Round "8.88"]
[White "Chrobot, Tomasz"]
[Black "Kaminski, Jakub"]
[Result "0-1"]
[WhiteTitle "IV"]
[BlackTitle "II"]
[WhiteElo "1033"]
[BlackElo "1114"]

1. e4 e5 2. Nf3 Nc6 3. Bc4 Bc5 4. c3 Nf6 5. d4 exd4 6. cxd4 Bb4+ 7. Nc3 Nxe4 8.
O-O Bxc3 9. d5 Ne7 10. bxc3 d6 11. Re1 Nc5 12. Qe2 Bg4 13. Bg5 f6 14. Be3 Nd7
15. h3 Bxf3 16. Qxf3 Ne5 17. Qe2 Nxc4 18. Qxc4 O-O 19. Qb3 b6 20. c4 Re8 21. a4
Nf5 22. a5 Nxe3 23. Rxe3 Rxe3 24. Qxe3 Qd7 25. axb6 cxb6 26. Qe6+ Qxe6 27. dxe6
Kf8 28. f4 f5 29. g4 g6 30. Kf2 Ke7 31. Ke3 Kxe6 32. Kd4 Kd7 33. Kd5 a5 34. Rb1
Ra6 35. gxf5 gxf5 36. Rg1 Ke8 37. Kxd6 b5+ 38. Kc5 bxc4 39. Kxc4 a4 40. Kb5 Rg6
41. Re1+ Kf7 42. Re3 Rg2 43. Kxa4 Rf2 44. Kb3 Rxf4 45. Kc2 Kf6 46. Kd3 Kg5 47.
Ke2 Re4 48. Rxe4 fxe4 49. Ke3 Kf5 50. h4 h5 51. Ke2 Kg4 52. Ke3 Kxh4 53. Kxe4
Kg3 54. Ke3 h4 55. Ke2 h3 0-1

[Event "Druzynowe Mistrzostwa Polski Juniorow 2018 - II Liga"]
[Site "Szczyrk"]
[Date "1899-12-30"]
[Round "8.89"]
[White "Partyka, Justyna"]
[Black "Matyjasek, Michalina"]
[Result "0-1"]
[WhiteTitle "II"]
[BlackTitle "I"]
[WhiteElo "1141"]
[BlackElo "1357"]

1. d4 d5 2. c4 e6 3. Nf3 Nf6 4. Bg5 Be7 5. e3 c6 6. Bd3 dxc4 7. Bxc4 O-O 8. O-O
Nbd7 9. Nc3 Nd5 10. Bxe7 Qxe7 11. Qe2 Nxc3 12. bxc3 e5 13. e4 Nf6 14. Nxe5 Nd7
15. Nf3 Re8 16. Rfe1 Qf6 17. Rac1 Nf8 18. Ne5 Be6 19. Bd3 Ng6 20. Ng4 Qg5 21.
f3 Nf4 22. Qe3 h5 23. g3 Nh3+ 24. Kg2 hxg4 25. f4 Qh6 26. Be2 Qh5 27. Qd2 Bd7
28. Bd1 Re6 29. Rb1 b6 30. Kh1 Rae8 31. Qg2 Rxe4 32. Rf1 Bf5 33. Qxh3 Qxh3 0-1

[Event "Druzynowe Mistrzostwa Polski Juniorow 2018 - II Liga"]
[Site "Szczyrk"]
[Date "1899-12-30"]
[Round "8.90"]
[White "Zajac, Aleksandra"]
[Black "Gorska, Marcelina"]
[Result "1-0"]
[WhiteTitle "III"]
[BlackTitle "IV"]
[WhiteElo "1000"]
[BlackElo "1000"]

1. e4 e5 2. Nf3 d6 3. d4 exd4 4. Nxd4 Nf6 5. Nc3 Be7 6. Bc4 O-O 7. Bb3 c6 8. O-O
Nbd7 9. Re1 Re8 10. h3 c5 11. Nf5 Ne5 12. Nxe7+ Qxe7 13. Bg5 h6 14. Nd5 Qd8 15.
Nxf6+ gxf6 16. Bxh6 Be6 17. Bxe6 fxe6 18. Qh5 Nf7 19. Qg6+ Kh8 20. Qh5 Ne5 1-0

[Event "Druzynowe Mistrzostwa Polski Juniorow 2018 - II Liga"]
[Site "Szczyrk"]
[Date "1899-12-30"]
[Round "8.91"]
[White "Gazda, Dominik"]
[Black "Krupinski, Mikolaj"]
[Result "0-1"]
[WhiteTitle "I"]
[BlackTitle "II"]
[WhiteElo "1567"]
[BlackElo "1531"]

1. e4 c5 2. Nc3 Nc6 3. Bc4 Nf6 4. a3 e6 5. d3 d5 6. exd5 exd5 7. Bb5 Bd7 8. Bg5
d4 9. Ne4 Be7 10. Bxf6 gxf6 11. Qh5 Qa5+ 12. b4 Qxb5 13. Ne2 Ne5 14. O-O O-O-O
15. bxc5 Bg4 0-1

[Event "Druzynowe Mistrzostwa Polski Juniorow 2018 - II Liga"]
[Site "Szczyrk"]
[Date "1899-12-30"]
[Round "8.92"]
[White "Owoc, Jakub"]
[Black "Chodorowski, Adrian"]
[Result "1-0"]
[WhiteTitle "II"]
[BlackTitle "II"]
[WhiteElo "1511"]
[BlackElo "1287"]

1. e4 c5 2. Nf3 Nc6 3. c3 g6 4. d4 cxd4 5. cxd4 Bg7 6. d5 Ne5 7. Nxe5 Bxe5 8. f4
Bg7 9. Nc3 d6 10. Bb5+ Bd7 11. Bxd7+ Qxd7 12. O-O Qc7 13. Qa4+ Qd7 14. Qb4 Nf6
15. e5 dxe5 16. fxe5 Nxd5 17. Qc4 e6 18. Rd1 Qc6 19. Qd4 Nxc3 20. bxc3 O-O 21.
Ba3 Rfc8 22. Rd3 Bf8 23. Bd6 Bxd6 24. exd6 Qc5 25. Rc1 Qxd4+ 26. Rxd4 Rc5 27.
Kf2 Rd8 28. c4 b6 29. Ke3 Kf8 30. Ke4 f5+ 31. Ke3 Rc6 32. Rcd1 Rd7 33. Kf4 Kf7
34. g4 Rc5 35. Kg5 f4+ 36. Kh4 e5 37. Re4 Ke6 38. Rf1 Kxd6 39. Kg5 Rf7 40. Rd1+
Ke6 41. Rd8 Rcc7 42. Rd5 Rc5 43. Rexe5# 1-0

[Event "Druzynowe Mistrzostwa Polski Juniorow 2018 - II Liga"]
[Site "Szczyrk"]
[Date "1899-12-30"]
[Round "8.93"]
[White "Kucza, Kamil"]
[Black "Wiszniewski, Szymon"]
[Result "0-1"]
[WhiteTitle "II"]
[BlackTitle "II"]
[WhiteElo "1000"]
[BlackElo "1257"]

1. e4 c5 2. Nc3 d6 3. Bc4 e6 4. Nf3 Nf6 5. a3 a6 6. O-O b5 7. Ba2 b4 8. axb4 cxb4
9. Ne2 Nxe4 10. c3 d5 11. cxb4 Nc6 12. d3 Nf6 13. Qa4 Bd7 14. Qd1 Bxb4 15. Bd2
Bc5 16. d4 Be7 17. Re1 Ne4 18. Nc3 Nxd2 19. Qxd2 O-O 20. h3 Rb8 21. Bb1 Qb6 22.
Ra2 Bf6 23. Qd3 g6 24. Na4 Qb4 25. Nc5 Nxd4 26. Nxd7 Nxf3+ 27. Qxf3 Qxe1+ 28.
Kh2 Be5+ 29. g3 Qxb1 30. Rxa6 Qxb2 0-1

[Event "Druzynowe Mistrzostwa Polski Juniorow 2018 - II Liga"]
[Site "Szczyrk"]
[Date "1899-12-30"]
[Round "8.94"]
[White "Bar, Klaudia"]
[Black "Wegrzyn, Samuel"]
[Result "1-0"]
[WhiteTitle "I"]
[BlackTitle "III"]
[WhiteElo "1478"]
[BlackElo "1136"]

1. d4 e6 2. Bf4 Nc6 3. e3 Nf6 4. Nf3 g6 5. Nbd2 Bg7 6. Be2 O-O 7. O-O d5 8. c3
Qe7 9. Ne5 Nxe5 10. Bxe5 Ne8 11. Bg3 Bd7 12. Re1 Rd8 13. Bd3 Bc6 14. Nf3 f5 15.
Bh4 Nf6 16. Ne5 Qd6 17. Bg3 Qe7 18. Nxc6 bxc6 19. Qa4 c5 20. Qxa7 cxd4 21. cxd4
Rb8 22. b3 Ra8 23. Qxc7 Qxc7 24. Bxc7 Rfc8 25. Be5 Nd7 26. Bxg7 Kxg7 27. a4 Rc3
28. Bb5 Nf6 29. b4 Rc7 30. Bd3 Rca7 31. a5 Kf7 32. a6 Ke7 33. b5 Rb8 34. Rec1
Kd7 35. Rc6 Rc8 36. Rxc8 Kxc8 37. b6 Rd7 38. a7 Kd8 39. Qa8+ Ke7 40. Ra7 Rxa7
41. Qxa7+ Nd7 42. Bb5 Kf8 43. Qxd7 Kg8 44. b7 Kh8 45. Qb8# 1-0

[Event "Druzynowe Mistrzostwa Polski Juniorow 2018 - II Liga"]
[Site "Szczyrk"]
[Date "1899-12-30"]
[Round "8.96"]
[White "Szopa, Emilia"]
[Black "Uliasz, Katarzyna"]
[Result "1-0"]
[WhiteTitle "I"]
[BlackTitle "I"]
[WhiteElo "1422"]
[BlackElo "1236"]

1. e4 e5 2. Nf3 Nf6 3. Bc4 Nc6 4. d3 h6 5. c3 Bc5 6. Bb3 d6 7. O-O O-O 8. Re1 Re8
9. Nbd2 a6 10. Nf1 Bg4 11. h3 Bh5 12. Ng3 Bg6 13. Nh4 Bh7 14. Nhf5 Qd7 15. Qf3
Ne7 16. Nxh6+ Kf8 17. Nxf7 Bg8 18. Nxe5 dxe5 19. Qxf6+ 1-0

[Event "Druzynowe Mistrzostwa Polski Juniorow 2018 - II Liga"]
[Site "Szczyrk"]
[Date "1899-12-30"]
[Round "8.97"]
[White "Rzasa, Michal"]
[Black "Marczak, Szymon"]
[Result "0-1"]
[WhiteTitle "III"]
[BlackTitle "I+"]
[WhiteElo "1000"]
[BlackElo "1954"]

1. e4 c5 2. c3 Nf6 3. e5 Nd5 4. d4 cxd4 5. cxd4 e6 6. Nf3 d6 7. Bc4 Be7 8. O-O
O-O 9. Bxd5 exd5 10. Nc3 Be6 11. Re1 Nc6 12. Bf4 Rc8 13. Rc1 a6 14. Qd2 b5 15.
b3 dxe5 16. Bxe5 Nxe5 17. Nxe5 Qa5 18. Nd3 Ba3 19. Rb1 Qxc3 20. Qxc3 Rxc3 21.
Nf4 Rc2 22. h3 Bb4 23. Red1 Rfc8 24. Nd3 Bd6 25. b4 Rxa2 26. Nc5 Bxc5 27. dxc5
a5 28. Rdc1 Rc6 29. Kf1 a4 30. Re1 g6 31. Re2 d4 32. Re4 Bc4+ 33. Ke1 d3 34. Rd4
Re6+ 35. Kd1 Bb3+ 0-1

[Event "Druzynowe Mistrzostwa Polski Juniorow 2018 - II Liga"]
[Site "Szczyrk"]
[Date "1899-12-30"]
[Round "8.98"]
[White "Franek, Krzysztof"]
[Black "Grubiak, Karol"]
[Result "1/2-1/2"]
[WhiteTitle "III"]
[BlackTitle "IV"]
[WhiteElo "1156"]
[BlackElo "1000"]

1. e4 e5 2. Nf3 Nc6 3. Bc4 Nd4 4. c3 Nxf3+ 5. Qxf3 Qf6 6. Qg3 Bc5 7. d3 d6 8. O-O
Qg6 9. Kh1 c6 10. f4 Qxg3 11. hxg3 f6 12. Nd2 h5 13. Nf3 Bg4 14. f5 O-O-O 15.
Nh4 Ne7 16. Be6+ Kb8 17. Bf7 a6 18. Kh2 d5 19. Re1 dxe4 20. dxe4 Rd3 21. Bc4 Rd6
22. Be3 Bxe3 23. Rxe3 Rhd8 24. Ree1 Rd2 25. b4 Rc2 26. Rac1 Rxc1 27. Rxc1 Rd1
28. Rxd1 Bxd1 29. Bd3 Kc7 30. Kg1 Kb6 31. Kf2 a5 32. Nf3 Bxf3 33. gxf3 axb4 34.
cxb4 c5 35. bxc5+ Kxc5 36. Ke3 Kb4 37. f4 Ka3 38. fxe5 fxe5 39. Bc4 b6 40. Kd3
Kb2 41. a4 Ka3 42. Bb5 Kb4 43. Be8 Kb3 44. Ke3 Nc8 45. Kf3 Nd6 46. Bc6 Kc4 47.
Ke3 b5 48. axb5 Nxb5 49. Bd5+ Kc3 50. Bf7 Nd6 51. Bd5 1/2-1/2

[Event "Druzynowe Mistrzostwa Polski Juniorow 2018 - II Liga"]
[Site "Szczyrk"]
[Date "1899-12-30"]
[Round "8.99"]
[White "Bochenek, Ryszard"]
[Black "Gabzdyl, Mateusz"]
[Result "1/2-1/2"]
[WhiteTitle "II"]
[BlackTitle "III"]
[WhiteElo "1296"]
[BlackElo "1083"]

1. d4 d5 2. Nf3 Nf6 3. g3 c6 4. Bg2 Bg4 5. c4 e6 6. O-O Nbd7 7. Nc3 dxc4 8. Re1
Bb4 9. Bd2 O-O 10. Ng5 Nb6 11. Nce4 Bxd2 12. Qxd2 Nxe4 13. Bxe4 h6 14. Nf3 Bxf3
15. Bxf3 Qf6 16. Rac1 Rfd8 17. Red1 Rd7 18. Qf4 Qxf4 19. gxf4 Rad8 20. e3 Na4
21. Rd2 c5 22. b3 Nb6 23. bxc4 cxd4 24. c5 Nc8 25. exd4 Ne7 26. Rcd1 Nc6 27. d5
exd5 28. Rxd5 Rxd5 29. Rxd5 Rxd5 30. Bxd5 Kf8 31. Kf1 Ke7 32. Ke2 f6 33. Bxc6
bxc6 34. f5 Kd7 35. Kd3 Kc7 36. a4 Kd7 37. Ke4 Ke7 38. Kf4 Kf7 39. h3 Ke7 40.
Ke4 1/2-1/2

[Event "Druzynowe Mistrzostwa Polski Juniorow 2018 - II Liga"]
[Site "Szczyrk"]
[Date "1899-12-30"]
[Round "8.100"]
[White "Grzybek, Mikolaj"]
[Black "Rzasa, Mateusz"]
[Result "1/2-1/2"]
[WhiteTitle "II"]
[BlackTitle "II"]
[WhiteElo "1375"]
[BlackElo "1092"]

1. e4 e5 2. Nf3 Nc6 3. Bc4 Nf6 4. d3 h6 5. Nc3 Bc5 6. Be3 Bb6 7. O-O d6 8. h3 Be6
9. Bb3 Qd7 10. Re1 O-O-O 11. Bxe6 fxe6 12. a4 Ba5 13. Bd2 g5 14. Nh2 Rhg8 15.
Ng4 Nxg4 16. Qxg4 Nd4 17. Rec1 h5 18. Qxh5 Rh8 19. Qd1 g4 20. Qxg4 Rdg8 21. Bg5
c6 22. h4 Qh7 23. Qh3 Nf3+ 24. Qxf3 Rxg5 25. g3 Qxh4 26. Kf1 Qh6 27. Ke2 Rf8 28.
Rh1 Qg7 29. Qg2 Bb6 30. Nd1 Rg6 31. a5 Bc5 32. c3 a6 33. b4 Ba7 34. Rf1 Rgf6 35.
Ne3 Rf3 36. Qh3 Qf7 37. Qg2 Qh5 38. g4 Qg5 39. Qxf3 Rxf3 40. Kxf3 Qf4+ 41. Ke2
Bxe3 42. fxe3 Qxg4+ 1/2-1/2

[Event "Druzynowe Mistrzostwa Polski Juniorow 2018 - II Liga"]
[Site "Szczyrk"]
[Date "1899-12-30"]
[Round "8.101"]
[White "Trusz, Julia"]
[Black "Kindler, Karolina"]
[Result "1/2-1/2"]
[WhiteTitle "I+"]
[BlackTitle "I++"]
[WhiteElo "1699"]
[BlackElo "1784"]

1. e4 e5 2. Nf3 Nc6 3. d4 exd4 4. Nxd4 Bc5 5. Nb3 Bb6 6. Nc3 Qf6 7. Qf3 Qxf3 8.
gxf3 Ne5 9. Be2 d6 10. Rg1 Ng6 11. Be3 Be6 12. Nd4 N8e7 13. O-O-O O-O-O 14. Ndb5
Kb8 15. Na4 Bxe3+ 16. fxe3 f5 17. Nd4 Bd7 18. exf5 Nxf5 19. Nxf5 Bxf5 20. Nc3
Rde8 21. Kd2 Re7 22. Rdf1 Rhe8 23. e4 Bh3 24. Rf2 Nf4 25. Bc4 Be6 26. Bxe6 Nxe6
27. Ne2 g6 28. c3 Kc8 29. Rg3 Kd7 30. Nd4 a6 1/2-1/2